000 00329nam a2200133Ia 4500
008 240624s9999 xx 000 0 und d
041 _aeng
082 _a920 VAN
100 _aVIGLIA GIAMPAOLO
245 _aELON MUSK HOW THE BILLIONAIRE CEO OF SPA
260 _c2015
_aLondon
_bVirgin
300 _a392 p.; 24 cm.
365 _cRS
999 _c30222
_d30222